000 01801nam a2200529 i 4500
001 42527
003 KOSZ 005
005 20201014093859.0
008 000306s1999 pl a |000 0 pol
015 _aUWD 2000/4857
020 _a8385977996
035 _a991013022939705066
035 _a(PL-WaBN)b13515688-48omnis_nlop
035 _ab13515688
035 _a(OCoLC)750019065
035 _a(PL)b0000001351568
035 _a(EXLNZ-48OMNIS_NETWORK)9910001848305606
040 _aWA N
_cWA N
_dKOSZ 005/HR
041 0 _apol
046 _k1999
080 _a372.861.32
080 _a372.833.916.682
080 _a346.54
100 1 _aKołłajtis-Dołowy, Anna
_eAutor
245 1 0 _aProblematyka konsumencka w nauczaniu racjonalnego żywienia :
_bzbiór konspektów dla nauczycieli /
_cAnna Kołłajtis-Dołowy, Edyta Gulińska.
260 _aWarszawa :
_bPolskie Towarzystwo Ekonomiki Gospodarstwa Domowego :
_bna zlec. [Urzędu Ochrony Konkurencji i Konsumentów],
_c1999.
300 _a80 s. :
_bil. ;
_c21 cm.
336 _aTekst
_btxt
_2rdacontent
337 _aBez urządzenia pośredniczącego
_bn
_2rdamedia
338 _aWolumin
_bnc
_2rdacarrier
380 _aKsiążki
380 _aPublikacje dydaktyczne
385 _aNayczyciele
388 _a1901-2000
388 _a1989-2000
650 7 _aKonsumenci (ekonomia)
_2DBN
650 7 _aZdrowe odżywianie
_2DBN
650 7 _aPrawo
650 7 _aNauczanie
658 _aEdukacja i pedagogika
658 _aMedycyna i zdrowie
655 7 _aScenariusz zajęć
_2DBN
700 1 _aGulińska, Edyta
_eAutor
856 _uhttp://koha.tu.koszalin.pl/cgi-bin/koha/opac-detail.pl?biblionumber=42527
_yKatalogonline BPK
942 _2UKD
_cKS
999 _c42527
_d42527